000 00185 a2200097 4500
020 _a014794006995
041 _aeng
100 _aPerry, anne
245 _aA breach of promise
942 _cBK
999 _c8050
_d8050